<?xml version="1.0" encoding="UTF-8"?>
<marc:record xmlns:marc="http://www.loc.gov/MARC21/slim">
   <marc:leader>00000nam a2200000 a 4500</marc:leader>
   <marc:datafield ind1="1" ind2=" " tag="100">
      <marc:subfield code="a">Kurz, Gerlinde</marc:subfield>
      <marc:subfield code="4">aut</marc:subfield>
      <marc:subfield code="e">Verfasser/-in</marc:subfield>
   </marc:datafield>
   <marc:datafield ind1="0" ind2="0" tag="245">
      <marc:subfield code="a">Strandgut</marc:subfield>
   </marc:datafield>
   <marc:datafield ind1="0" ind2="0" tag="245">
      <marc:subfield code="c">Gerlinde Kurz</marc:subfield>
   </marc:datafield>
   <marc:datafield ind1=" " ind2="1" tag="264">
      <marc:subfield code="a">Stuttgart</marc:subfield>
      <marc:subfield code="b">Urachhaus</marc:subfield>
      <marc:subfield code="c">2015</marc:subfield>
   </marc:datafield>
   <marc:datafield ind1="1" ind2=" " tag="520">
      <marc:subfield code="a">Angaben aus der Verlagsmeldung

Strandgut / von Gerlinde Kurz

Es sollte eine unbeschwerte Woche auf einer Nordseeinsel für Jakob und Hannah sein – doch dann bringt die Begegnung mit einer alten Frau
alles durcheinander. Woher kennt sie Jakob, obwohl sie ihn noch nie gesehen haben kann? Was hat es mit den Briefen auf sich, die er am Strand
ausgegraben hat? Und warum sieht der Junge auf dem Foto in der Wohnung der alten Frau Jakob so ähnlich?
Jakob versucht die ausgegrabenen Briefe zu entziffern – und stößt auf eine schier unglaubliche Geschichte: Die alte Frau, die ihn seltsamerweise
zu kennen schien, hat im Zweiten Weltkrieg unter Lebensgefahr einen jüdischen Verfolgten in ihrem Schuppen versteckt, gesund gepflegt und
ihm dann zur Flucht nach Dänemark verholfen.
Aber was hat das alles mit Jakob zu tun? Nur die alte Frau kann ihm helfen. In einer wagemutigen Aktion entführen Jakob und Hannah die Alte
aus dem Krankenhaus …
</marc:subfield>
   </marc:datafield>
   <marc:datafield ind1=" " ind2=" " tag="020">
      <marc:subfield code="a">9783825179199</marc:subfield>
      <marc:subfield code="9">9783825179199</marc:subfield>
   </marc:datafield>
   <marc:datafield ind1=" " ind2=" " tag="041">
      <marc:subfield code="a">ger</marc:subfield>
   </marc:datafield>
   <marc:datafield ind1=" " ind2=" " tag="300">
      <marc:subfield code="a">271 S.</marc:subfield>
   </marc:datafield>
</marc:record>
